| 000 | 01268nam a2200301Ia 4500 | ||
|---|---|---|---|
| 001 | ebr10067128 | ||
| 003 | CaPaEBR | ||
| 006 | m u | ||
| 007 | cr cn||||||||| | ||
| 008 | 011019s2004 enk s 000 0 eng d | ||
| 020 | _z0861769937 | ||
| 040 |
_aCaPaEBR _cCaPaEBR |
||
| 035 | _a(OCoLC)70743361 | ||
| 050 | 1 | 4 |
_aHF5429 _b.E87 2004eb |
| 245 | 0 | 4 |
_aThe european clothing industry _h[electronic resource] : _bmeeting the competitive challenge / _cGuest editors, Ian M. Taplin and Jonathan Winterton. |
| 260 |
_aBradford, England : _bEmerald Group Publishing, _cc2004. |
||
| 300 | _a102 p. | ||
| 490 | 1 |
_aJournal of Fashion Marketing and Management. No. 3 ; _vVol. 8 |
|
| 533 |
_aElectronic reproduction. _bPalo Alto, Calif. : _cebrary, _d2009. _nAvailable via World Wide Web. _nAccess may be limited to ebrary affiliated libraries. |
||
| 650 | 0 | _aRetail trade. | |
| 650 | 0 | _aManufacturing industries. | |
| 655 | 7 |
_aElectronic books. _2local |
|
| 700 | 1 | _aTaplin, Ian M. | |
| 700 | 1 |
_aWinterton, Jonathan, _d1951- |
|
| 710 | 2 | _aebrary, Inc. | |
| 830 | 0 |
_aJournal of Fashion Marketing and Management. _nNo. 3 ; _vv. 8. |
|
| 856 | 4 | 0 |
_uhttp://site.ebrary.com/lib/rucke/Doc?id=10067128 _zAn electronic book accessible through the World Wide Web; click to view |
| 999 |
_c49490 _d49490 |
||